000 00323 a2200097 4500
020 _a9788198754974
100 _aKottayam Pushpanath
245 _aYuvathikale vilkkunna kolayali(യുവതികളെ വിൽക്കുന്ന കൊലയാളി)
260 _bKottayam Pushpanath publications
_c2026
942 _cOO
999 _c115948
_d115947